[Event "Ufa Penzina Memorial"]
[Site "Ufa"]
[Date "2023.08.08"]
[Round "3"]
[White "Kozlova, Olga1"]
[Black "Sosnina, Nadezhda"]
[Result "1-0"]
[WhiteElo "1821"]
[BlackElo "1929"]
[PlyCount "121"]
[EventDate "2023.08.06"]
[EventType "swiss"]
[EventRounds "9"]
[EventCountry "RUS"]
[SourceTitle "CBM 215 Extra"]
[Source "ChessBase"]
[SourceDate "2023.09.30"]
[SourceVersion "1"]
[SourceVersionDate "2023.09.30"]
[SourceQuality "1"]

1. d4 Nf6 2. c4 c5 3. d5 b5 4. Qc2 bxc4 5. e4 d6 6. Bxc4 g6 7. Nf3 Bg7 8. 0-0 0-0 9. Nc3 Nbd7 10. h3 Nb6 11. Bb5 Bb7 12. a4 a5 13. Qb3 Nfd7 14. Bxd7 c4 15. Qb5 Ba6 16. Qxa5 Nxd7 17. Qxd8 Rfxd8 18. Be3 Rab8 19. Ra2 Rdc8 20. Rd1 Rb7 21. a5 Rcb8 22. Rd2 Bxc3 23. bxc3 Nf6 24. Rd4 Rb3 25. Rc2 Ra3 26. e5 dxe5 27. Nxe5 Rxa5 28. Nc6 Ra1+ 29. Kh2 Rb7 30. Bg5 Kg7 31. Re2 Ra3 32. Re3 h6 33. Bxf6+ Kxf6 34. Rf4+ Kg7 35. Ne5 f6 36. Nxc4 Ra4 37. Ree4 g5 38. Ne3 gxf4 39. Nf5+ Kg6 40. Nh4+ Kh5 41. Rxa4 Kxh4 42. Rxa6 f3 43. gxf3 Rb2 44. Kg2 Rd2 45. c4 Rd4 46. Re6 Rxc4 47. Rxe7 Rc5 48. Re4+ Kg5 49. Rd4 Rc7 50. d6 Rd7 51. Kg3 Kf5 52. Kh4 Ke5 53. Rd3 f5 54. Kh5 Kf6 55. f4 Rd8 56. d7 Ke6 57. Kxh6 Rg8 58. Kh7 Rf8 59. d8Q Rf7+ 60. Kh6 Rf6+ 61. Qxf6+ 1-0

[Event "Cheliabinsk Panchenko Memorial op-B"]
[Site "Cheliabinsk"]
[Date "2022.09.16"]
[Round "5"]
[White "Sosnina, Nadezhda"]
[Black "Antonova, Nadezhda"]
[Result "1-0"]
[WhiteElo "1719"]
[BlackElo "1909"]
[PlyCount "59"]
[EventDate "2022.09.12"]
[EventType "swiss"]
[EventRounds "10"]
[EventCountry "RUS"]
[SourceTitle "CBM 210 Extra"]
[Source "ChessBase"]
[SourceDate "2022.11.30"]
[SourceVersion "1"]
[SourceVersionDate "2022.11.30"]
[SourceQuality "1"]

1. e4 c6 2. d4 d5 3. Nd2 dxe4 4. Nxe4 Bf5 5. Ng3 Bg6 6. N1e2 Nf6 7. h4 h6 8. Nf4 Bh7 9. Bc4 Nbd7 10. c3 Nb6 11. Bb3 e6 12. Nfh5 Nxh5 13. Nxh5 Nd5 14. Qg4 Bg6 15. 0-0 Bxh5 16. Qxh5 Be7 17. Qg4 Bxh4 18. Qxg7 Bf6 19. Qg3 Qd7 20. Qf3 Be7 21. c4 Nf6 22. Bf4 Qxd4 23. Rfe1 Rg8 24. Rad1 Qb6 25. Bd6 c5 26. Ba4+ Kf8 27. Rxe6 Qxd6 28. Rexd6 Bxd6 29. Rxd6 Ng4 30. Qf4 1-0

[Event "Cheliabinsk Panchenko Memorial op-B"]
[Site "Cheliabinsk"]
[Date "2022.09.15"]
[Round "4"]
[White "Shukhman, Anna"]
[Black "Sosnina, Nadezhda"]
[Result "1/2-1/2"]
[WhiteElo "2144"]
[BlackElo "1719"]
[PlyCount "105"]
[EventDate "2022.09.12"]
[EventType "swiss"]
[EventRounds "10"]
[EventCountry "RUS"]
[SourceTitle "CBM 210 Extra"]
[Source "ChessBase"]
[SourceDate "2022.11.30"]
[SourceVersion "1"]
[SourceVersionDate "2022.11.30"]
[SourceQuality "1"]

1. e4 c5 2. Nf3 g6 3. c3 Bg7 4. d4 cxd4 5. cxd4 d5 6. e5 Bg4 7. Nc3 Nc6 8. Bb5 e6 9. 0-0 Nh6 10. Bf4 0-0 11. Bxc6 bxc6 12. Qd2 Bxf3 13. Bxh6 Qh4 14. Bf4 Bxg2 15. Kxg2 Bh6 16. Bg3 Qxg3+ 17. hxg3 Bxd2 18. Na4 Bb4 19. Rac1 Rfc8 20. a3 Be7 21. Rc2 Rc7 22. f4 Rac8 23. Rfc1 g5 24. Rc3 gxf4 25. gxf4 h5 26. b4 h4 27. b5 Kh7 28. Rxc6 Rxc6 29. Rxc6 Rg8+ 30. Kh2 Bxa3 31. Rc7 Rb8 32. f5 Kg8 33. Rc3 Bb4 34. Rb3 Rxb5 35. f6 a6 36. Nc3 Bxc3 37. Rxc3 Rb4 38. Rd3 Rb1 39. Kh3 Rh1+ 40. Kg4 h3 41. Rg3 a5 42. Kh4+ Kh8 43. Ra3 h2 44. Ra2 a4 45. Kh5 Rd1 46. Rxh2 Rxd4 47. Rb2 Rc4 48. Rb7 Kg8 49. Rb8+ Kh7 50. Rb7 Kg8 51. Ra7 Re4 52. Kh6 Rh4+ 53. Kg5 1/2-1/2

[Event "RUS Cup U13 Girls final"]
[Site "Bryansk"]
[Date "2019.01.09"]
[Round "6"]
[White "Kuznetsova, Marina"]
[Black "Sosnina, Nadezhda"]
[Result "1-0"]
[WhiteElo "1710"]
[BlackElo "1662"]
[PlyCount "117"]
[EventDate "2019.01.04"]
[EventType "tourn"]
[EventRounds "7"]
[EventCountry "RUS"]
[SourceTitle "CBM 189 Extra"]
[Source "ChessBase"]
[SourceDate "2019.05.31"]
[SourceVersion "1"]
[SourceVersionDate "2019.05.31"]
[SourceQuality "1"]

1. e4 e5 2. Nf3 Nc6 3. Bb5 a6 4. Ba4 Nf6 5. 0-0 b5 6. Bb3 Be7 7. d3 0-0 8. a4 Bb7 9. Nc3 b4 10. Nd5 Na5 11. Nxe7+ Qxe7 12. Ba2 h6 13. Nh4 d5 14. Bd2 c5 15. Re1 Rfe8 16. Nf5 Qd7 17. f3 Rad8 18. Be3 Qc8 19. Qc1 Re6 20. Re2 c4 21. Qe1 d4 22. Bd2 c3 23. Bxe6 Qxe6 24. bxc3 bxc3 25. Bc1 Kh7 26. Qh4 Kg8 27. Nxg7 Qb6 28. Nf5 Kf8 29. Qxh6+ Ke8 30. Bg5 Nd5 31. Qh8+ Kd7 32. Qxd8+ Qxd8 33. Bxd8 Nf4 34. Bxa5 Nxe2+ 35. Kf2 Nf4 36. Rb1 Bc6 37. g3 Bxa4 38. gxf4 Bxc2 39. Rc1 Bxd3 40. Bxc3 dxc3 41. Rd1 c2 42. Rxd3+ Kc6 43. Rc3+ Kb5 44. Rxc2 Kb4 45. h4 a5 46. h5 a4 47. h6 a3 48. h7 Kb3 49. Re2 a2 50. Rxa2 Kxa2 51. h8Q f6 52. fxe5 fxe5 53. Qb8 Ka3 54. Ne3 Ka4 55. Qb6 Ka3 56. Ke2 Ka4 57. Kd2 Ka3 58. Kc3 Ka2 59. Qb2# 1-0

[Event "RUS Cup U13 Girls final"]
[Site "Bryansk"]
[Date "2019.01.08"]
[Round "5"]
[White "Sosnina, Nadezhda"]
[Black "Lesnykh, Zhanna"]
[Result "1-0"]
[WhiteElo "1662"]
[BlackElo "1655"]
[PlyCount "139"]
[EventDate "2019.01.04"]
[EventType "tourn"]
[EventRounds "7"]
[EventCountry "RUS"]
[SourceTitle "CBM 189 Extra"]
[Source "ChessBase"]
[SourceDate "2019.05.31"]
[SourceVersion "1"]
[SourceVersionDate "2019.05.31"]
[SourceQuality "1"]

1. e4 e5 2. Nf3 d6 3. d4 exd4 4. Nxd4 Nf6 5. Nc3 Be7 6. Bf4 0-0 7. Qd2 d5 8. Ndb5 c6 9. Nc7 d4 10. Nxa8 dxc3 11. Qxd8 Rxd8 12. bxc3 Nxe4 13. Bxb8 Bf6 14. Bd3 Bxc3+ 15. Ke2 Bg4+ 16. f3 Bxa1 17. Bc7 Re8 18. Rxa1 Nf6+ 19. Kf2 Be6 20. Nb6 axb6 21. Bxb6 Nd5 22. Ba5 Ra8 23. Bd2 f6 24. a4 b6 25. Bc4 Kf7 26. Bb3 Nc7 27. Bf4 Na6 28. Bxe6+ Kxe6 29. Rb1 Nc5 30. Rxb6 Kd5 31. c4+ Kxc4 32. Rxc6 Kd5 33. Rd6+ Kc4 34. Rc6 Kd5 35. Rd6+ Kc4 36. Be3 Nxa4 37. Rd7 Rg8 38. h4 h5 39. Rd4+ Kb3 40. Rd3+ Kc2 41. Rd2+ Kc3 42. Rd5 g6 43. Rd6 f5 44. Rc6+ Kb4 45. Rd6 Kb5 46. Rd5+ Kc6 47. Ra5 Nb6 48. Ra6 Rb8 49. Bxb6 Kb5 50. Ra2 Re8 51. Be3 Re6 52. Rb2+ Kc4 53. Rb6 Rxb6 54. Bxb6 Kd3 55. Kg3 Ke2 56. Kf4 Kf1 57. g4 fxg4 58. fxg4 Ke2 59. g5 Kf1 60. Ba5 Kf2 61. Ke5 Kg3 62. Be1+ Kg4 63. Kf6 Kh3 64. Kxg6 Kg4 65. Kh6 Kf5 66. g6 Kg4 67. g7 Kh3 68. g8Q Kh2 69. Bf2 Kh3 70. Qg3# 1-0

[Event "Satka Autumn op (Women)"]
[Site "Satka"]
[Date "2018.09.19"]
[Round "9"]
[White "Sosnina, Nadezhda"]
[Black "Kilina, Elizaveta"]
[Result "1-0"]
[WhiteElo "1659"]
[BlackElo "1226"]
[PlyCount "106"]
[EventDate "2018.09.11"]
[EventType "swiss"]
[EventRounds "9"]
[EventCountry "RUS"]
[SourceTitle "CBM 186 Extra"]
[Source "ChessBase"]
[SourceDate "2018.08.24"]
[SourceVersion "1"]
[SourceVersionDate "2018.08.24"]
[SourceQuality "1"]

1. e4 e5 2. Nf3 Nc6 3. Bb5 d6 4. d4 exd4 5. Nxd4 Bd7 6. 0-0 g6 7. Re1 Bg7 8. c3 Nge7 9. Na3 0-0 10. Bg5 Nxd4 11. cxd4 Bxb5 12. Nxb5 a6 13. Nc3 Qd7 14. Rc1 f6 15. Bh4 g5 16. Bg3 f5 17. exf5 Nxf5 18. Nd5 Rac8 19. Qg4 Qf7 20. Qxf5 Qxf5 21. Ne7+ Kh8 22. Nxf5 Rxf5 23. Re4 Rd5 24. Re6 Bxd4 25. Rxd6 Bxf2+ 26. Kf1 Rxd6 27. Bxd6 Bb6 28. g4 Kg7 29. Kg2 c5 30. Re1 Rc6 31. Bg3 Kf7 32. Re5 Bd8 33. Rd5 Ke8 34. Re5+ Kf7 35. Bf2 b6 36. Rd5 Ke8 37. Be3 h6 38. Re5+ Kf7 39. Rd5 Ke7 40. Kf3 Rd6 41. Re5+ Re6 42. Rd5 Rf6+ 43. Ke2 Bc7 44. h3 Ke6 45. Rd1 Bf4 46. Bf2 Ke7 47. Rd5 Rd6 48. Rd3 Ke6 49. Rb3 Ke5 50. Kf3 c4 51. Rxb6 Rd3+ 52. Kg2 Rd2 53. Kf1 Ke4 1-0

[Event "Satka Autumn op (Women)"]
[Site "Satka"]
[Date "2018.09.14"]
[Round "4"]
[White "Goganova, Yana"]
[Black "Sosnina, Nadezhda"]
[Result "1/2-1/2"]
[WhiteElo "2072"]
[BlackElo "1659"]
[PlyCount "39"]
[EventDate "2018.09.11"]
[EventType "swiss"]
[EventRounds "9"]
[EventCountry "RUS"]
[SourceTitle "CBM 186 Extra"]
[Source "ChessBase"]
[SourceDate "2018.08.24"]
[SourceVersion "1"]
[SourceVersionDate "2018.08.24"]
[SourceQuality "1"]

1. e4 e5 2. Nf3 Nc6 3. Bb5 a6 4. Ba4 d6 5. c3 f5 6. d4 fxe4 7. Nxe5 dxe5 8. Qh5+ Ke7 9. Bxc6 bxc6 10. Bg5+ Nf6 11. dxe5 Qd5 12. Bh4 Ke6 13. Bxf6 gxf6 14. Qe8+ Kf5 15. Qh5+ Ke6 16. Qe8+ Kf5 17. Qh5+ Ke6 18. Qe8+ Kf5 19. Qh5+ Ke6 20. Qe8+ 1/2-1/2

[Event "EU-ch U12 Girls 27th"]
[Site "Mamaia"]
[Date "2017.09.14"]
[Round "9"]
[White "Ince, Safiye Oyku"]
[Black "Sosnina, Nadezhda"]
[Result "1-0"]
[WhiteElo "1737"]
[BlackElo "1797"]
[PlyCount "109"]
[EventDate "2017.09.05"]
[EventType "swiss"]
[EventRounds "9"]
[EventCountry "ROU"]
[SourceTitle "CBM 180 Extra"]
[Source "ChessBase"]
[SourceDate "2017.10.06"]
[SourceVersion "1"]
[SourceVersionDate "2017.10.06"]
[SourceQuality "1"]

1. e4 d5 2. exd5 Nf6 3. d4 Bg4 4. Bb5+ Nbd7 5. Be2 Bxe2 6. Qxe2 Nxd5 7. Nf3 e6 8. 0-0 Bd6 9. c4 Nf4 10. Qe4 Nf6 11. Qxb7 Ne2+ 12. Kh1 0-0 13. Bd2 Rb8 14. Qxa7 Ra8 15. Qb7 Rb8 16. Qa6 Rxb2 17. c5 Nxd4 18. Nxd4 Bxc5 19. Nb3 Bb6 20. Qc4 Qa8 21. Nc3 Rd8 22. Rfd1 Rc2 23. Qh4 Rd3 24. Rac1 Bxf2 25. Qc4 Rxc1 26. Qxd3 Rxd1+ 27. Nxd1 Bb6 28. Be3 Bxe3 29. Nxe3 Ne4 30. Kg1 Nd6 31. Qc2 Qb7 32. Qd2 h6 33. Qd4 Qa6 34. a4 Qb7 35. Qd3 Qa7 36. a5 Nf5 37. Kf2 c5 38. Nxf5 exf5 39. Qc4 Qc7 40. a6 g6 41. g3 Qb6 42. Ke3 Qb8 43. Kd2 Qd8+ 44. Kc2 Qa8 45. Kb2 Qa7 46. Ka3 Qb6 47. Qa4 Qa7 48. Qc6 c4 49. Qb7 Qf2 50. a7 c3 51. a8Q+ Kg7 52. Qg2 Qe1 53. Qc2 Qe7+ 54. Ka2 Qc7 55. Qa5 1-0

[Event "EU-ch U12 Girls 27th"]
[Site "Mamaia"]
[Date "2017.09.08"]
[Round "4"]
[White "Sosnina, Nadezhda"]
[Black "Raulji, Kavya"]
[Result "1-0"]
[WhiteElo "1797"]
[BlackElo "1369"]
[PlyCount "87"]
[EventDate "2017.09.05"]
[EventType "swiss"]
[EventRounds "9"]
[EventCountry "ROU"]
[SourceTitle "CBM 180 Extra"]
[Source "ChessBase"]
[SourceDate "2017.10.06"]
[SourceVersion "1"]
[SourceVersionDate "2017.10.06"]
[SourceQuality "1"]

1. e4 c5 2. Nf3 d6 3. d4 cxd4 4. Nxd4 Nf6 5. Nc3 a6 6. Bc4 e6 7. Bb3 Be7 8. g4 h6 9. h3 Qc7 10. Be3 Bd7 11. f4 Nc6 12. f5 e5 13. Nf3 Na5 14. Qe2 Nxb3 15. axb3 b5 16. Bf2 Bc6 17. 0-0-0 b4 18. Nd5 Nxd5 19. exd5 Bb5 20. Qd2 a5 21. Nxe5 Bg5 22. Be3 Bxe3 23. Qxe3 dxe5 24. d6 Qd7 25. Qxe5+ Kf8 26. f6 g6 27. Rhe1 h5 28. Qd5 Rd8 29. Re7 Qe8 30. Rxe8+ Bxe8 31. Qe5 Rd7 32. Re1 Rd8 33. Qe7+ Kg8 34. Qxd8 Kh7 35. Rxe8 Rxe8 36. Qxe8 hxg4 37. Qxf7+ Kh6 38. d7 Kg5 39. d8Q gxh3 40. Qfd5+ Kg4 41. Q8d7+ Kg3 42. Qg5+ Kf2 43. Qdd2+ Kf3 44. Qgf4# 1-0

[Event "EU-ch U12 Girls 27th"]
[Site "Mamaia"]
[Date "2017.09.06"]
[Round "2"]
[White "Sosnina, Nadezhda"]
[Black "Lukac, Alina"]
[Result "1-0"]
[WhiteElo "1797"]
[BlackElo "1212"]
[PlyCount "85"]
[EventDate "2017.09.05"]
[EventType "swiss"]
[EventRounds "9"]
[EventCountry "ROU"]
[SourceTitle "CBM 180 Extra"]
[Source "ChessBase"]
[SourceDate "2017.10.06"]
[SourceVersion "1"]
[SourceVersionDate "2017.10.06"]
[SourceQuality "1"]

1. e4 c5 2. Nf3 d6 3. d4 cxd4 4. Nxd4 Nf6 5. Nc3 a6 6. Bc4 e6 7. Bb3 Nbd7 8. f4 Nc5 9. Qf3 Be7 10. f5 0-0 11. fxe6 fxe6 12. Qh3 Nxb3 13. axb3 Bd7 14. 0-0 Qc8 15. Na4 e5 16. Nf5 Bxf5 17. Qxf5 Qxf5 18. exf5 Rac8 19. c4 Nd7 20. Be3 Bd8 21. Rad1 Rc6 22. g4 Bb6 23. Nxb6 Nxb6 24. Rd2 Nc8 25. Kg2 Rf6 26. Rc1 Kf8 27. b4 Rf7 28. c5 Rd7 29. Rcd1 Kf7 30. Kf3 Ke7 31. Rd5 Ke8 32. R1d2 Kf7 33. Rxe5 dxe5 34. Rxd7+ Ne7 35. Bg5 h6 36. Bxe7 Ke8 37. Rxb7 Kf7 38. Bd6+ Kf6 39. Bf8 Kg5 40. Rxg7+ Kh4 41. Kg2 h5 42. Be7+ Rf6 43. Bxf6# 1-0

[Event "Wch U10 Girls"]
[Site "Batumi"]
[Date "2016.10.30"]
[Round "11.18"]
[White "Sosnina, Nadezhda"]
[Black "Velea, Stephanie"]
[Result "1-0"]
[WhiteElo "1559"]
[BlackElo "1349"]
[PlyCount "46"]
[EventDate "2016.10.19"]
[EventType "swiss"]
[EventRounds "11"]
[EventCountry "GEO"]
[SourceTitle "EXT 2018"]
[Source "ChessBase"]
[SourceDate "2017.10.13"]
[SourceVersion "1"]
[SourceVersionDate "2017.10.13"]
[SourceQuality "1"]

1. e4 c5 2. Nf3 d6 3. c3 g6 4. h3 Bg7 5. Bd3 Nc6 6. Bc2 Nf6 7. 0-0 0-0 8. d4 cxd4 9. cxd4 Bd7 10. Nc3 Nb4 11. Bb3 a5 12. a3 Nc6 13. Be3 Rc8 14. Rc1 e6 15. Bf4 Be8 16. Nb5 d5 17. exd5 Nxd5 18. Bg3 Qb6 19. a4 Bd7 20. Nd6 Ra8 21. Nb5 Rac8 22. Qd2 Ndb4 23. Bd6 Rfd8 1-0

[Event "Wch U10 Girls"]
[Site "Batumi"]
[Date "2016.10.21"]
[Round "3"]
[White "Sosnina, Nadezhda"]
[Black "Shohradova, Lala"]
[Result "0-1"]
[WhiteElo "1559"]
[BlackElo "1369"]
[PlyCount "54"]
[EventDate "2016.10.19"]
[EventType "swiss"]
[EventRounds "11"]
[EventCountry "GEO"]
[SourceTitle "EXT 2018"]
[Source "ChessBase"]
[SourceDate "2017.10.13"]
[SourceVersion "1"]
[SourceVersionDate "2017.10.13"]
[SourceQuality "1"]

1. e4 e6 2. d4 d5 3. Nd2 c5 4. c3 Nc6 5. Ngf3 cxd4 6. cxd4 Bb4 7. e5 Qb6 8. a3 Bxd2+ 9. Qxd2 Nge7 10. Bd3 Bd7 11. Qg5 Nxd4 12. Qxg7 Rg8 13. Qxh7 Rxg2 14. Be3 Nxf3+ 15. Kf1 d4 16. Kxg2 0-0-0 17. Bf4 Rg8+ 18. Kxf3 Bc6+ 19. Be4 Qb3+ 20. Ke2 Qxb2+ 21. Bd2 d3+ 22. Ke3 Qxe5 23. f4 Nf5+ 24. Kf2 Rg2+ 25. Kxg2 Qxe4+ 26. Kf2 Qf3+ 27. Kg1 Qg2# 0-1

[Event "Wch U10 Girls"]
[Site "Batumi"]
[Date "2016.10.19"]
[Round "1"]
[White "Sosnina, Nadezhda"]
[Black "Mustafina, Yuliana"]
[Result "1-0"]
[WhiteElo "1559"]
[BlackElo "1219"]
[PlyCount "83"]
[EventDate "2016.10.19"]
[EventType "swiss"]
[EventRounds "11"]
[EventCountry "GEO"]
[SourceTitle "EXT 2018"]
[Source "ChessBase"]
[SourceDate "2017.10.13"]
[SourceVersion "1"]
[SourceVersionDate "2017.10.13"]
[SourceQuality "1"]

1. e4 e5 2. Nf3 Nc6 3. Bb5 Nf6 4. Qe2 Bd6 5. 0-0 0-0 6. c3 Re8 7. d3 a6 8. Ba4 h6 9. Nh4 Bf8 10. Nf5 d6 11. Qf3 Bd7 12. Nd2 Ne7 13. Bxd7 Qxd7 14. Nxh6+ gxh6 15. Qxf6 Bg7 16. Qh4 Ng6 17. Qg3 Re6 18. Nf3 Rae8 19. Qh3 Nf8 20. Nh4 Nh7 21. Nf5 Ng5 22. Qg4 f6 23. h4 Nh7 24. Bxh6 R6e7 25. Rfe1 Rf7 26. Re3 Kh8 27. Bxg7+ Rxg7 28. Qxg7+ Qxg7 29. Nxg7 Kxg7 30. Rae1 Nf8 31. d4 Ne6 32. dxe5 fxe5 33. Rg3+ Kh6 34. Rf3 Kg6 35. Ree3 Nf4 36. g3 Ne6 37. Rf5 Ng7 38. Rg5+ Kh6 39. Rf3 Ne6 40. Rf6+ Kh7 41. Rgg6 Nf8 42. Rh6+ 1-0